000 00549nam a2200205 a 4500
001 9607
003 CO-ViMGA
008 141112s2004 ck r 000 u spa d
040 _aCO-ViMGA
_bspa
_cCO-ViMGA
082 0 4 _aCo861.6 C17p30
100 1 _aCaro ; Gabriel Jaime,
_911051
245 1 0 _aPoemas
260 _aNueva York :
_bEditorial Crucimes,
_c1983
300 _a30p.
650 1 4 _aMUERTE - POESIAS
_911052
650 1 4 _aMUSICA - POESIA
_911053
650 1 4 _aNATURALEZA POESIA
_948135
650 1 4 _aPOESIA COLOMBIANA
_91069
942 _2ddc
_cBK
999 _c21085
_d21085